| 000 | 00344nam a2200133Ia 4500 | ||
|---|---|---|---|
| 008 | 220217s9999||||xx |||||||||||||| ||und|| | ||
| 020 | _a9789353061753 | ||
| 082 | _a4.6 | ||
| 100 | _aClark, Tom | ||
| 245 | 0 | _aStorage virtualization | |
| 260 |
_aPearson education of asia _bNew Delhi _c2019 |
||
| 300 |
_aXVIII, 234p. _b310 |
||
| 650 | _awww | ||
| 999 |
_c188913 _d188913 |
||